| 000 | 01067nam a2200277 i 4500 | ||
|---|---|---|---|
| 001 | 18320 | ||
| 003 | DO-SdUEMH | ||
| 005 | 20260112175206.0 | ||
| 007 | ta | ||
| 008 | 260112s2022 dr a|||gr|||| 00| 0dspa d | ||
| 020 | _a9789945180305 | ||
| 040 |
_aDO-SdUEMH _bspa _erda |
||
| 041 | _aspa | ||
| 082 | 1 | 4 |
_mRD _bV762 |
| 100 | 1 | _eaut | |
| 245 |
_aLecturas y textos de Filosofía: _b(ciclo básico universitario) / _cJuan Francisco Viloria, Ángel Moreta |
||
| 264 | 1 |
_aSanto Domingo, República Dominicana : _bLa Escalera, _c2022 |
|
| 264 | 4 | _c©2022 | |
| 300 |
_a590 páginas : _bilustraciones ; _c26 cm. |
||
| 336 |
_2rdacontent _atexto _btxt |
||
| 337 |
_2rdamedia _asin mediación _bn |
||
| 338 |
_2rdacarrier _avolumen _bnc |
||
| 504 | _aContiene Información Bibliográfica a Final de la Obra. | ||
| 505 | 2 | _aIntroducción a la filosofía -- Lecturas y textos sobre el concepto de filosofía -- Textos de teorías del conocimiento -- Textos de Ética -- Textos filosóficos - metodológicos -- Pensamiento social y filosófico dominicano. | |
| 942 |
_2ddc _cBK _n0 |
||
| 999 |
_c18320 _d18320 |
||